दैशिक - शास्त्र (Record no. 1434833)

MARC details
000 -LEADER
fixed length control field 00991nam a22002297a 4500
005 - DATE AND TIME OF LATEST TRANSACTION
control field 20250821164434.0
008 - FIXED-LENGTH DATA ELEMENTS--GENERAL INFORMATION
fixed length control field 250821b |||||||| |||| 00| 0 eng d
037 ## - SOURCE OF ACQUISITION
Terms of availability TB
040 ## - CATALOGING SOURCE
Original cataloging agency CRL
Transcribing agency CRL
041 ## - LANGUAGE CODE
Source of code hin
Language code of text/sound track or separate title hin
084 ## - COLON CLASSIFICATION NUMBER
Classification number WxNTH 152M3
Assigning agency CRL
100 ## - MAIN ENTRY--PERSONAL NAME
Personal name ठुलघरिया, बद्रीसाह
9 (RLIN) 818464
245 ## - TITLE STATEMENT
Title दैशिक - शास्त्र
260 ## - PUBLICATION, DISTRIBUTION, ETC.
Place of publication, distribution, etc. वाराणसी, भारत:
Name of publisher, distributor, etc. विश्वविद्यालय प्रकाशन,
Date of publication, distribution, etc. 1983.
300 ## - PHYSICAL DESCRIPTION
Extent 154पृ.
365 ## - TRADE PRICE
Price amount 25.00
Currency code INR
650 ## - SUBJECT ADDED ENTRY--TOPICAL TERM
Topical term or geographic name entry element राजनीतिक शास्त्र
9 (RLIN) 818465
650 ## - SUBJECT ADDED ENTRY--TOPICAL TERM
Topical term or geographic name entry element दर्शन शास्त्र
700 ## - ADDED ENTRY--PERSONAL NAME
Personal name शाह, गिरिराज
Relator term सम्पादक
9 (RLIN) 818466
942 ## - ADDED ENTRY ELEMENTS (KOHA)
Source of classification or shelving scheme Colon Classification (CC)
Koha item type Textbook
Classification part WxNTH 152M3
Suppress in OPAC No
Holdings
Withdrawn status Lost status Source of classification or shelving scheme Damaged status Not for loan Home library Current library Date acquired Source of acquisition Cost, normal purchase price Inventory number Total Checkouts Full call number Barcode Date last seen Price effective from Koha item type
    Colon Classification (CC)     Central Library Central Library 2025-08-21 वी. सी. ऑफिस 25.00 गिफ्ट   WxNTH 152M3 CL1699919 2025-08-21 2025-08-21 Textbook
Copyright @ Delhi University Library System